[Event "Morbihan-ch 1213"]
[Site "France"]
[Date "2013.02.23"]
[Round "5"]
[White "Guetta, Claude"]
[Black "Anciant, Yoran"]
[Result "0-1"]
[WhiteElo "1499"]
[BlackElo "1199"]
[PlyCount "70"]
[EventDate "2012.10.27"]
[EventType "swiss"]
[EventRounds "7"]
[EventCountry "FRA"]
[SourceTitle "EXT 2014"]
[Source "ChessBase"]
[SourceDate "2013.11.20"]
[SourceVersion "1"]
[SourceVersionDate "2013.11.20"]
[SourceQuality "1"]

1. e4 e5 2. Nf3 Nc6 3. Bc4 Bc5 4. 0-0 Nf6 5. d3 h6 6. Re1 Bd4 7. c3 Bb6 8. b4 d6 9. a4 Ng4 10. Qb3 0-0 11. Nbd2 Bxf2+ 12. Kf1 Bxe1 13. Kxe1 Ne3 14. b5 Na5 15. Qa2 Naxc4 16. dxc4 Nxg2+ 17. Kd1 Bg4 18. Kc2 Qf6 19. Ba3 Bxf3 20. Rf1 Ne3+ 21. Kb3 Nxf1 22. Nxf1 Bxe4 23. Qg2 Bxg2 24. Ne3 Qf3 25. Nd5 e4 26. Nxc7 e3 27. Nxa8 Rxa8 28. Kc2 e2 29. Kd2 e1Q+ 30. Kxe1 Qxc3+ 31. Kf2 Qxa3 32. Kxg2 Re8 33. h3 Re2+ 34. Kf1 Rb2 35. b6 Qa1# 0-1

[Event "Morbihan-ch 1213"]
[Site "France"]
[Date "2012.12.15"]
[Round "3"]
[White "Guetta, Claude"]
[Black "Barton, June"]
[Result "1-0"]
[WhiteElo "1499"]
[BlackElo "1499"]
[PlyCount "71"]
[EventDate "2012.10.27"]
[EventType "swiss"]
[EventRounds "7"]
[EventCountry "FRA"]
[SourceTitle "EXT 2014"]
[Source "ChessBase"]
[SourceDate "2013.11.20"]
[SourceVersion "1"]
[SourceVersionDate "2013.11.20"]
[SourceQuality "1"]

1. e4 d6 2. Nf3 Nf6 3. Nc3 g6 4. Bc4 Bg4 5. d3 Bg7 6. b3 0-0 7. Bb2 Re8 8. 0-0 c6 9. b4 e6 10. a3 a6 11. a4 h5 12. h3 Bxf3 13. Qxf3 Kh7 14. a5 Re7 15. Ne2 Ne8 16. Bxg7 Kxg7 17. Qe3 Nf6 18. Qg3 d5 19. e5 Nfd7 20. Bb3 Nxe5 21. Qe3 Nbd7 22. f4 d4 23. Qxd4 f6 24. fxe5 Nxe5 25. Qf2 Rc8 26. Qxf6+ Kh6 27. Qxe5 b6 28. Bxe6 Ra8 29. Rf6 Qh8 30. Raf1 Rae8 31. R1f5 Rxe6 32. Rxh5+ Kg7 33. Qd4 Qxh5 34. Rxe6+ Kf7 35. Qd7+ Kf8 36. Rxe8# 1-0